How to reduce your project cost (Record no. 72263)

MARC details
000 -LEADER
fixed length control field 01167cam a2200229 4500
001 - CONTROL NUMBER
control field ABS66472
008 - FIXED-LENGTH DATA ELEMENTS--GENERAL INFORMATION
fixed length control field 030307n2003 000 0 eng u
035 ## - SYSTEM CONTROL NUMBER
System control number (Sirsi) u121566
100 ## - MAIN ENTRY--PERSONAL NAME
Personal name Mohamed, R.
245 ## - TITLE STATEMENT
Title How to reduce your project cost
260 ## - PUBLICATION, DISTRIBUTION, ETC.
Date of publication, distribution, etc. 2003
490 ## - SERIES STATEMENT
Series statement Cost Engineer
Volume/sequential designation 41(1) February 2003, 16-21(6)
520 ## - SUMMARY, ETC.
Summary, etc. Discusses the allocation of risk between contracting parties in a project. Certain kinds of risk have previously been dealt with through exculpatory clauses, but research has found that inappropriate risk allocation can increase the total cost of a project. Presents the results of a survey conducted across the Canadian construction industry, including owners, contractors and consultants. These show opportunities for cost reduction, such as improved contract administration and trust between parties and possible problems with implementation, including the use of disclaimer clauses. Tables and graphs.
590 ## - LOCAL NOTE (RLIN)
Local note ABS
650 ## - SUBJECT ADDED ENTRY--TOPICAL TERM
Topical term or geographic name entry element PROJECT COSTS
650 ## - SUBJECT ADDED ENTRY--TOPICAL TERM
Topical term or geographic name entry element RISK ALLOCATION
650 ## - SUBJECT ADDED ENTRY--TOPICAL TERM
Topical term or geographic name entry element RISK MANAGEMENT
650 ## - SUBJECT ADDED ENTRY--TOPICAL TERM
Topical term or geographic name entry element SURVEYS
690 ## - LOCAL SUBJECT ADDED ENTRY--TOPICAL TERM (OCLC, RLIN)
Topical term or geographic name as entry element Project management
9 (RLIN) 6261
700 ## - ADDED ENTRY--PERSONAL NAME
Personal name Hartmann, F.
942 ## - ADDED ENTRY ELEMENTS (KOHA)
Suppress in OPAC 0
Holdings
Withdrawn status Lost status Source of classification or shelving scheme Damaged status Not for loan Home library Current library Shelving location Date acquired Total Checkouts Full call number Barcode Date last seen Copy number Price effective from Koha item type
    Dewey Decimal Classification     London London Journal article 07/03/2003   ABS66472 121566-1001 06/08/2019 1 06/08/2019 Journal article